000
00291 a2200145 4500
001
164714
020
_a
040
_c
Magnum
100
_a
Carvajal, Frei Gaspar de
240
1
0
_a
As amazonas
_l
por
245
1
0
_a
As amazonas
362
0
_a
1899
697
_a
IJ/PARADIDATICO
942
_c
BK
999
_c
164714
_d
164714